[Event "TCh-RUS"]
[Site "Sochi RUS"]
[Date "2007.05.08"]
[Round "7"]
[White "Khenkin,I"]
[Black "Ivanchuk,V"]
[Result "1/2-1/2"]
[WhiteElo "2629"]
[BlackElo "2729"]

1.d4 Nf6 2.c4 e6 3.Nf3 b6 4.g3 Ba6 5.b3 Bb7 6.Bg2 Bb4+ 7.Bd2 a5 8.O-O O-O
9.Nc3 d6 10.a3 Bxc3 11.Bxc3 Nbd7 12.Qc2 Be4 13.Qb2 Qb8 14.Bh3 Re8 15.Nd2 Bb7
16.b4 axb4 17.axb4 h6 18.Rxa8 Bxa8 19.Ra1 Bb7 20.f3 Nf8 21.e4 Ng6 22.Qa3 Qd8
23.Qa7 Bc8 24.Bg2 e5  1/2-1/2

[Event "TCh-RUS"]
[Site "Sochi RUS"]
[Date "2007.05.10"]
[Round "9"]
[White "Alekseev,Evgeny"]
[Black "Ivanchuk,V"]
[Result "1/2-1/2"]
[WhiteElo "2679"]
[BlackElo "2729"]

1.d4 d5 2.Nf3 Nf6 3.c4 dxc4 4.e3 e6 5.Bxc4 c5 6.O-O a6 7.dxc5 Qxd1 8.Rxd1 Bxc5
9.Be2 O-O 10.Nbd2 Rd8 11.Ne5 b6 12.Nb3 Rxd1+ 13.Bxd1 Bd6 14.Nc4 Bc7 15.Bf3 Ra7
16.Bd2 Bb7 17.Bxb7  1/2-1/2

[Event "42nd Capablanca Mem Elite"]
[Site "Havana CUB"]
[Date "2007.05.18"]
[Round "1"]
[White "Nielsen,PH"]
[Black "Ivanchuk,V"]
[Result "0-1"]
[WhiteElo "2649"]
[BlackElo "2729"]

1.d4 Nf6 2.c4 e6 3.Nf3 c5 4.Nc3 cxd4 5.Nxd4 Bb4 6.g3 Ne4 7.Qd3 Bxc3+ 8.bxc3 Nc5
9.Qf3 d6 10.Ba3 O-O 11.Rd1 Qa5 12.Nb5 Bd7 13.Bb4 Qxa2 14.Bxc5 dxc5 15.Nc7 Ba4
16.Rc1 Nc6 17.Nxa8 Qa3 18.Qe3 Na5 19.f3 Nxc4 20.Qf4 b5 21.Rb1 Qxc3+ 22.Kf2 Nd2
23.Re1 Rxa8 24.Bg2 c4 25.Qc7 Qd4+ 26.e3 Qd8 27.Qe5 Rc8 28.Qc3 Qd3 29.Qa5 c3
30.Re2 Nb3 31.Qxa7 c2  0-1

[Event "42nd Capablanca Mem Elite"]
[Site "Havana CUB"]
[Date "2007.05.20"]
[Round "3"]
[White "Bruzon Batista,L"]
[Black "Ivanchuk,V"]
[Result "0-1"]
[WhiteElo "2620"]
[BlackElo "2729"]

1.e4 c5 2.Nf3 Nc6 3.Bb5 e6 4.O-O Nge7 5.c3 a6 6.Be2 d5 7.exd5 Nxd5 8.d4 cxd4
9.Nxd4 Bd6 10.Nxc6 bxc6 11.Nd2 O-O 12.Bf3 Qc7 13.g3 Rd8 14.Qe2 a5 15.Ne4 Be5
16.Re1 Ba6 17.c4 Bd4 18.Ng5 Qa7 19.Kg2 h6 20.Qc2 hxg5 21.cxd5 g4 22.Bxg4 cxd5
23.Bf4 Qb6 24.Rab1 Rac8 25.Qd2 a4 26.h4 Rc6 27.Rbc1 Rdc8 28.Rxc6 Rxc6 29.Be3 Bxe3
30.Rxe3 d4 31.Re5 d3 32.Bd1 Bb7 33.Kh2 Rc1 34.Re3 Rb1 35.Rxd3 Rxd1 36.Qxd1 Qxf2+
37.Kh3 Bg2+  0-1

[Event "42nd Capablanca Mem Elite"]
[Site "Havana CUB"]
[Date "2007.05.21"]
[Round "4"]
[White "Ivanchuk,V"]
[Black "Gashimov,V"]
[Result "1/2-1/2"]
[WhiteElo "2729"]
[BlackElo "2644"]

1.d4 Nf6 2.c4 e6 3.Nc3 Bb4 4.Qc2 d5 5.cxd5 exd5 6.Bg5 c5 7.O-O-O Bxc3 8.Qxc3 cxd4
9.Bxf6 dxc3 10.Bxd8 cxb2+ 11.Kxb2 Kxd8 12.Nh3 Bxh3 13.gxh3 Ke7 14.Bg2 Rd8
15.Bxd5 Nc6 16.Bxc6 bxc6  1/2-1/2

[Event "42nd Capablanca Mem Elite"]
[Site "Havana CUB"]
[Date "2007.05.22"]
[Round "5"]
[White "Quezada Perez,Y"]
[Black "Ivanchuk,V"]
[Result "1/2-1/2"]
[WhiteElo "2541"]
[BlackElo "2729"]

1.e4 e5 2.Nf3 Nc6 3.Bb5 a6 4.Ba4 Nf6 5.O-O Be7 6.Re1 b5 7.Bb3 O-O 8.h3 Bb7
9.d3 d6 10.a3 Nb8 11.Nbd2 Nbd7 12.Nf1 Re8 13.Ng3 h6 14.Ba2 Bf8 15.Nh2 c5
16.Ng4 Rc8 17.c4 b4 18.Bb3 a5 19.Ba4 Bc6 20.Bxc6 Rxc6 21.Be3 Rc8  1/2-1/2

[Event "Pivdenny Bank Cup"]
[Site "Odessa UKR"]
[Date "2007.07.04"]
[Round "1"]
[White "Drozdovskij,Y"]
[Black "Ivanchuk,V"]
[Result "1/2-1/2"]
[WhiteElo "2558"]
[BlackElo "2729"]

1.d4 d5 2.c4 dxc4 3.e3 e5 4.Bxc4 Nc6 5.Nf3 e4 6.Nfd2 Qg5 7.g3 Nf6 8.Nc3 Qg6
9.Nd5 Nxd5 10.Bxd5 Bf5 11.Qa4 O-O-O 12.Bxc6 Qxc6 13.Qxc6 bxc6 14.Nb3 h5 15.h4 Bg4
16.Bd2 Rd5 17.Rc1 Rh6 18.Na5 c5 19.Nb3 Bf3 20.Rg1 Ra6 21.dxc5 Rxa2 22.Bc3 g6
23.Bd4 Bh6 24.Rb1 f5 25.Kd2 Ra4 26.Kc3 Be2 27.Nc1 Bb5 28.b3 Ra6 29.Rd1 Bf8
30.b4 Ra3+ 31.Rb3  1/2-1/2

[Event "Pivdenny Bank Cup"]
[Site "Odessa UKR"]
[Date "2007.07.05"]
[Round "6"]
[White "Korchnoi,V"]
[Black "Ivanchuk,V"]
[Result "0-1"]
[WhiteElo "2623"]
[BlackElo "2729"]

1.d4 Nf6 2.c4 e6 3.Nf3 d5 4.Nc3 dxc4 5.e3 a6 6.a4 c5 7.Bxc4 Nc6 8.O-O Be7
9.dxc5 O-O 10.Qc2 Bxc5 11.Rd1 Bd7 12.Ne4 Nb4 13.Nxf6+ Qxf6 14.Qe2 Bc6 15.e4 Rfd8
16.Rxd8+ Qxd8 17.Bd2 Nc2 18.Bg5 Nd4 19.Nxd4 Qxd4 20.Bd3 Qb4 21.Qc2 Bd4 22.Ra2  0-1

[Event "Pivdenny Bank Cup"]
[Site "Odessa UKR"]
[Date "2007.07.06"]
[Round "8"]
[White "Shirov,A"]
[Black "Ivanchuk,V"]
[Result "1/2-1/2"]
[WhiteElo "2699"]
[BlackElo "2729"]

1.e4 e5 2.Nf3 Nc6 3.Bb5 a6 4.Ba4 Nf6 5.O-O Be7 6.Re1 b5 7.Bb3 O-O 8.h3 Bb7
9.d3 d6 10.a3 Qd7 11.Nc3 Rfe8 12.Ne2 Nd8 13.Ng3 Ne6 14.Ng5 h6 15.Nxe6 fxe6
16.c3 c5 17.d4 Bf8 18.Bc2 cxd4 19.cxd4 exd4 20.Qxd4 Rac8 21.Bb3 Qf7 22.Bd2 d5
23.exd5 Bxd5 24.Bxd5 Nxd5 25.Rac1 Rcd8 26.Qg4 Nf6 27.Qe2 Bd6 28.Ba5 Rd7 29.Ne4 Nxe4
30.Qxe4 Bb8 31.Rc3 Rd5 32.Rf3 Qd7 33.Bc3 Ba7 34.Rg3 Bd4 35.Bxd4 Rxd4 36.Qg6 Kh8
37.Re5 Rf4 38.Rd3 Qe7 39.Rd6 Ref8 40.Rdxe6 Qa7 41.Re7 Qxf2+ 42.Kh2 R4f7 43.Rxf7 Rxf7
44.Re8+ Rf8 45.Rxf8+  1/2-1/2

[Event "XXII Rapid"]
[Site "Villarrobledo ESP"]
[Date "2007.08.04"]
[Round "2"]
[White "Almagro Mazariegos,S"]
[Black "Ivanchuk,V"]
[Result "0-1"]
[WhiteElo "2296"]
[BlackElo "2762"]

1.e4 c5 2.Nf3 d6 3.d4 cxd4 4.Nxd4 Nf6 5.Nc3 a6 6.Be2 e5 7.Nb3 Be7 8.O-O O-O
9.f4 b5 10.a4 b4 11.Nd5 Nxd5 12.Qxd5 Qb6+ 13.Kh1 Bb7 14.Qd3 Nd7 15.Be3 Qc7
16.Bf3 a5 17.Rfe1 Rfd8 18.Rac1 exf4 19.Bxf4 Ne5 20.Qe2 Bh4 21.Red1 Ba6 22.Qe3 Nc4
23.Qg1 Nxb2 24.Rd5 Nc4 25.Nd4 Bf6 26.Nb5 Bxb5 27.Rxb5 Rab8 28.Rd5 Be5 29.Bg5 Re8
30.Be2 h6 31.Bh4 Bf4 32.Rf1 Ne3 33.Bb5 Nxd5 34.exd5 Be3 35.Bf2 Bxf2 36.Qxf2 Re5
37.Bc6 Qe7 38.h3 h5  0-1

[Event "XXII Rapid"]
[Site "Villarrobledo ESP"]
[Date "2007.08.05"]
[Round "9"]
[White "Ivanchuk,V"]
[Black "Cheparinov,I"]
[Result "1-0"]
[WhiteElo "2762"]
[BlackElo "2657"]

1.d4 Nf6 2.Nf3 g6 3.Bf4 Bg7 4.e3 O-O 5.h3 d6 6.c4 Nc6 7.Nc3 Nd7 8.Be2 e5
9.Bh2 f5 10.O-O e4 11.Nd2 Nf6 12.Rb1 Kh8 13.b4 Ne7 14.b5 Be6 15.a4 Qd7 16.Qc2 g5
17.Rfd1 Rae8 18.a5 Ng6 19.b6 axb6 20.axb6 c6 21.d5 Bg8 22.dxc6 Qxc6 23.Nb3 f4
24.Nb5 Rd8 25.N3d4 Qc5 26.Nc7 Qe5 27.Rb5 d5 28.c5 Ne8 29.c6 Nxc7 30.bxc7 Qxc7
31.Rxb7 Qe5 32.c7 Rc8 33.Bg4 Ne7 34.Bxc8 Rxc8 35.Rc1 Qf6 36.Rb8  1-0

[Event "World Blitz"]
[Site "Moscow RUS"]
[Date "2007.11.22"]
[Round "35"]
[White "Ivanchuk,V"]
[Black "Leko,P"]
[Result "1/2-1/2"]
[WhiteElo "2787"]
[BlackElo "2755"]

1.d4 Nf6 2.c4 e6 3.Nf3 b6 4.g3 Ba6 5.b3 Bb4+ 6.Bd2 Be7 7.Bg2 c6 8.Bc3 d5
9.Ne5 Nfd7 10.Nxd7 Nxd7 11.Nd2 O-O 12.O-O Rc8 13.e4 c5 14.exd5 exd5 15.dxc5 dxc4
16.cxb6 Nxb6 17.Re1 cxb3 18.Qxb3 Nd7 19.Nf3 Bc4 20.Qb2 Nc5 21.Bxg7 Nd3 22.Bxf8 Nxb2
23.Bxe7 Qb6 24.Ne5 Be6 25.Re2 Nc4 26.Rae1 Nxe5 27.Rxe5 h6 28.R5e2 Qd4 29.h4 Rc4
30.Ba3 Qd3 31.Bb2 Rc2 32.Bf1 Rxe2 33.Rxe2 Qb1 34.Bc3 Qc1 35.Bb4 Bc4 36.Re1 Qb2
37.Re8+ Kh7 38.Bxc4 Qxb4 39.Bd3+ Kg7 40.Re4 Qb6 41.Bc2 Qc6 42.Rg4+ Kf8 43.Bb3 a5
44.Rf4 f6 45.Rc4 Qb7 46.Kh2 Kg7 47.Rg4+ Kh7 48.Rd4 Qc7 49.Rf4 Qe5 50.Kg2 Kg7
51.Rg4+ Kf8 52.Rf4 Kg7 53.Kf3 Kf8 54.Re4 Qf5+ 55.Ke3 Qc5+ 56.Kf3 Qf5+ 57.Rf4 Qe5
58.Kg2 Kg7 59.Ra4 Qc5 60.Rg4+ Kf8 61.Rg6 Qf5 62.Rg8+ Ke7 63.Rg7+ Kf8 64.Rf7+ Ke8
65.Rc7 Qe4+ 66.Kh2 Qf5 67.Rc2 Kf8 68.Re2 Qf3 69.Rd2 Kg7 70.Bd5 Qc3 71.Re2 Qc5
72.Bb3 Qb4 73.Rc2 Qd4 74.Bc4 Qe4 75.Bb3 a4 76.Rc7+ Kf8 77.Rc4 Qe2 78.Rxa4 Qxf2+
79.Kh3 h5 80.Rf4 Qg1 81.Bd5 Kg7 82.Bg2 Qc5 83.a4 Qa5 84.Rd4 Kg6 85.Rf4 Kg7
86.Bf1 Kg6 87.Kh2 Qd2+ 88.Bg2 Kg7 89.Rf5 Kg6 90.Rd5 Qa2 91.a5 Kg7 92.Kh3 Kg6
93.Rc5 Kh6 94.Rb5 Qe6+ 95.Kh2 Qa2 96.Rd5 Kg6 97.Kh3 Kh6 98.Rc5 Qe6+ 99.Kh2 Qa2
100.Rc6 Qxa5 101.Rxf6+ Kg7 102.Rf4 Qe5 103.Bf3 Kg6 104.Kh3 Qe6+ 105.Kg2 Qa2+
106.Kg1 Qb1+ 107.Kh2 Qc2+ 108.Kh3 Qc8+ 109.Kh2 Qc2+ 110.Bg2 Qd2 111.Kg1 Qe1+
112.Kh2 Qd2 113.Rf3 Qb2 114.Kg1 Qc1+ 115.Bf1 Qa1 116.Kg2 Qb2+ 117.Rf2 Qb7+
118.Kh2 Qd5 119.Bh3 Qd4 120.Rf4 Qb2+ 121.Bg2 Qd2 122.Rc4 Qf2 123.Rc6+ Kg7
124.Ra6 Qd2 125.Rb6 Qe2 126.Rd6 Qf2 127.Rd5 Kg6 128.Rg5+ Kh6 129.Kh3 Qf6
130.Rd5 Qe6+ 131.Kh2 Qe2 132.Rd4 Kg6 133.Rf4 Qd2 134.Rf3 Qb2 135.Kg1 Qc1+
136.Bf1 Qd2 137.Bd3+ Kg7 138.Kf1 Qb2 139.Be2 Qd2 140.Rf5 Qe3 141.Rg5+ Kf6
142.Bxh5 Qc1+ 143.Kg2 Qd2+ 144.Kh3 Qd3 145.Rg6+ Ke7 146.Rg7+ Ke6 147.Rf7 Qd5
148.Bg6 Qh1+ 149.Kg4 Qd1+ 150.Rf3 Qd4+ 151.Kh3 Qg7 152.Bh5 Qh6 153.Bg4+ Ke7
154.Rf4 Qc6 155.Bf3 Qe6+ 156.Rg4 Kf6 157.Be4 Qd7 158.Bf3 Qf5 159.Kh2 Qc2+
160.Bg2 Qe2 161.Rf4+ Kg7 162.Rf3 Qe5 163.Kh3 Qe6+ 164.g4 Qd7 165.h5 Qe7 166.Rf5 Qe3+
167.Bf3 Qe6 168.Kh4 Qe1+ 169.Kh3 Qf1+ 170.Bg2 Qd3+ 171.Kh4 Qd2 172.Bd5 Qe1+
173.Kh3 Qe3+ 174.Rf3 Qd4 175.Bc6 Qc5 176.Bb7 Qe5 177.Rf5 Qe3+ 178.Bf3 Kh6
179.Rf6+ Kg7 180.Rf5 Kh6 181.Kg2 Qd2+ 182.Kg3 Qe1+ 183.Kh3 Qf1+ 184.Bg2 Qd3+
185.Kh4 Qd4 186.Bd5 Kg7 187.Rg5+ Kh6 188.Rg6+ Kh7 189.Bg8+ Kh8 190.Be6 Qf2+
191.Kg5 Qe3+ 192.Kf6 Qd4+ 193.Kf7 Qa7+ 194.Ke8 Qb8+ 195.Ke7 Qc7+ 196.Bd7 Qe5+
197.Re6 Qg5+ 198.Kd6 Kh7 199.Re4 Qf6+ 200.Be6 Qg5  1/2-1/2

[Event "World Cup"]
[Site "Khanty-Mansiysk RUS"]
[Date "2007.12.02"]
[Round "3.4"]
[White "Nisipeanu,LD"]
[Black "Ivanchuk,V"]
[Result "1-0"]
[WhiteElo "2668"]
[BlackElo "2787"]

1.e4 c5 2.Nf3 d6 3.d4 cxd4 4.Nxd4 Nf6 5.Nc3 a6 6.Be3 e5 7.Nb3 Be6 8.Qd2 Nbd7
9.O-O-O b5 10.f4 Qc7 11.Kb1 Rc8 12.a3 Be7 13.f5 Bc4 14.g4 Nxg4 15.Rg1 h5
16.h3 Nxe3 17.Qxe3 Rh7 18.Bxc4 bxc4 19.Nd2 Nf6 20.Nf3 Rb8 21.Ka2 Qb6 22.Qc1 Qb7
23.Ng5 Rh8 24.Rg2 h4 25.Rdg1 Rh5 26.Nxf7 Kxf7 27.Rxg7+ Kf8 28.R1g6 d5 29.exd5 Nxd5
30.Rg8+ Kf7 31.R6g7+ Kf6 32.Nxd5+ Qxd5 33.Rg6+ Kf7 34.Rxb8 c3+ 35.Kb1 Rxf5
36.Qg1 Bf8 37.Rg8 Bh6 38.Qg6+  1-0

[Event "XX Carlos Torre Wimbledon"]
[Site "Merida MEX"]
[Date "2007.12.19"]
[Round "1.2"]
[White "Ivanchuk,V"]
[Black "Bruzon Batista,L"]
[Result "1/2-1/2"]
[WhiteElo "2787"]
[BlackElo "2607"]

1.d4 d5 2.c4 c6 3.cxd5 cxd5 4.Nc3 Nf6 5.Nf3 Nc6 6.Bf4 Bf5 7.e3 a6 8.Rc1 Rc8
9.Be2 e6 10.O-O Bd6 11.Bxd6 Qxd6 12.Qb3 Rc7 13.Na4 O-O 14.Nc5 Rb8 15.Rc3 Bg4
16.h3 Bxf3 17.Bxf3 e5 18.Qb6 exd4 19.exd4 Nd7 20.Nxd7 Rxd7 21.Be2 g6 22.Rfc1 Nd8
23.Rb3 Ra8 24.Bg4 f5 25.Qxd6 Rxd6 26.Bf3 Ne6 27.Rxb7 Nxd4 28.Bd1 Ne6 29.Kf1 Rf8
30.Ba4 Rf7 31.Rc6 Rxb7 32.Rxd6 Nc5 33.b3 Nxa4 34.bxa4 Rb4 35.Rxa6 Rb2 36.Rd6  1/2-1/2

[Event "XX Carlos Torre Wimbledon"]
[Site "Merida MEX"]
[Date "2007.12.20"]
[Round "2.1"]
[White "Ivanchuk,V"]
[Black "Almeida Quintana,O"]
[Result "1-0"]
[WhiteElo "2787"]
[BlackElo "2502"]

1.e4 c5 2.Nf3 e6 3.d4 cxd4 4.Nxd4 a6 5.Be2 Nf6 6.Nc3 d6 7.O-O Nbd7 8.a4 b6
9.f4 Bb7 10.Bf3 Qc7 11.Kh1 Rc8 12.Qe1 h5 13.Be3 Be7 14.Rd1 g6 15.Nde2 Qb8
16.Bf2 Qa8 17.Bh4 Nxe4 18.Bxe7 Kxe7 19.Nxe4 Bxe4 20.Qd2 Rhd8 21.f5 Ne5 22.Bxe4 Qxe4
23.fxe6 fxe6 24.Qg5+ Kd7 25.Ng3  1-0

[Event "XX Carlos Torre Wimbledon"]
[Site "Merida MEX"]
[Date "2007.12.21"]
[Round "3.2"]
[White "Graf,A"]
[Black "Ivanchuk,V"]
[Result "1/2-1/2"]
[WhiteElo "2574"]
[BlackElo "2787"]

1.Nf3 c5 2.c3 Nf6 3.d4 e6 4.Bg5 Be7 5.Nbd2 Nc6 6.Bxf6 gxf6 7.e3 b6 8.Bd3 Bb7
9.Qe2 Qc7 10.Ba6 Bxa6 11.Qxa6 d5 12.O-O O-O 13.Rac1 Rfd8 14.c4 Nb4 15.Qa4 Qd7
16.Qb3 dxc4 17.Qxc4 b5 18.Qe2 c4 19.a3 Nd5 20.Ne4 Rac8 21.Rfd1 Qc6 22.Nc3 Nxc3
23.Rxc3 Qe4 24.Nd2 Qd5 25.Nf3 f5 26.Rdc1 Qb7 27.Ne5 Bf6 28.Qf3 Qxf3 29.Nxf3 Kg7
30.a4 a6 31.axb5 axb5 32.b3 cxb3 33.Rxc8 b2 34.R8c2 bxc1=Q+ 35.Rxc1 f4 36.Kf1 fxe3
37.fxe3 Ra8 38.Rb1 Ra3 39.Ke2 Ra2+ 40.Nd2 Bd8 41.Kd3 Ba5 42.Nf3 Rxg2 43.Rxb5 Bc7
44.h4 h6 45.h5 Rf2 46.Nd2 Rh2 47.Ne4 Rh4 48.Rc5 Bh2 49.Ra5 Rh3 50.Ke2 Rh4
51.Kf3 Rh3+ 52.Kf2 Rh4 53.Nd2 Bc7 54.Rb5 Rh2+ 55.Ke1 Bg3+ 56.Kd1 f5 57.Nb3 Rxh5
58.Nc5 e5 59.d5 e4 60.Rb6 Rh1+ 61.Ke2 Rc1 62.Ne6+ Kf7 63.Nd4 f4 64.exf4 Bxf4
65.Re6 e3 66.Re4 Bd6 67.Kxe3 Rc5 68.Nf5 Rxd5 69.Nxh6+ Kg6 70.Ng4 Bc5+ 71.Ke2 Kf5
72.Ne3+ Kxe4 73.Nxd5 Kxd5  1/2-1/2

[Event "XX Carlos Torre Wimbledon"]
[Site "Merida MEX"]
[Date "2007.12.21"]
[Round "3.2"]
[White "Graf,A"]
[Black "Ivanchuk,V"]
[Result "1-0"]
[WhiteElo "2574"]
[BlackElo "2787"]

1.Nf3 c5 2.b3 b6 3.g3 Bb7 4.Bg2 Nf6 5.Bb2 e6 6.O-O Be7 7.c4 O-O 8.Nc3 d5
9.cxd5 Nxd5 10.Qc2 Nc6 11.Rac1 Rc8 12.Qb1 Bf6 13.Nxd5 Bxb2 14.Qxb2 Qxd5 15.Ne5 Qd6
16.Nxc6 Bxc6 17.Bxc6 Rxc6 18.Rc4 Rfc8 19.Rfc1 h6 20.d3 R8c7 21.R1c2 b5 22.R4c3 Qd4
23.Qc1 a6 24.a4 e5 25.axb5 axb5 26.Ra2 Rf6 27.e3 Qd5 28.Qc2 Rd6 29.Ra5 Qf3
30.d4 e4 31.Ra1 h5 32.Rxc5 Rxc5 33.dxc5 Rc6 34.b4 h4 35.Qd1 Qf5 36.Qd8+ Kh7
37.Qxh4+ Rh6 38.Qf4 Qd5 39.Qg4 g6 40.Rd1 Qb3 41.Rd4  1-0

[Event "XX Carlos Torre Wimbledon"]
[Site "Merida MEX"]
[Date "2007.12.21"]
[Round "3.4"]
[White "Ivanchuk,V"]
[Black "Graf,A"]
[Result "1-0"]
[WhiteElo "2787"]
[BlackElo "2574"]

1.d4 e6 2.c4 Bb4+ 3.Nd2 b6 4.a3 Bxd2+ 5.Qxd2 Bb7 6.f3 f5 7.e3 Nf6 8.Bd3 O-O
9.Ne2 Nc6 10.O-O Qe7 11.b4 a5 12.b5 Nd8 13.a4 Nf7 14.Ba3 d6 15.c5 Rad8 16.c6 Bc8
17.Ng3 g6 18.e4 fxe4 19.fxe4 e5 20.d5 Ng4 21.h3 Qh4 22.Ne2 Nf6 23.Qe1 Qxe1
24.Raxe1 Kg7 25.Bc1 g5 26.Ng3 h6 27.Rf2 Nh8 28.Ref1 Nh7 29.Nh5+ Kg6 30.Be2 Rxf2
31.Rxf2 Rf8 32.Rxf8 Nxf8 33.Ng3 Nh7 34.Bg4 Bxg4 35.hxg4 Nf6 36.Be3 Ne8 37.Nf5 Kf6
38.Nxh6 Ng6 39.g3 Ne7 40.Kg2 Kg6 41.Nf5 Nc8 42.Kf3 Nf6 43.Bd2 Ne8 44.Ne3 Nf6
45.Nc4 Ne8 46.Ke3 Nf6 47.Kf3 Ne8 48.Bc3 Nf6 49.Nxa5 bxa5 50.Bxa5 Ne8 51.Be1 Kf7
52.a5 Nf6 53.Bd2 Nh7 54.Be3 Ke7 55.Ke2 Ke8 56.Kd3 Kd8 57.Kc4 Ne7 58.b6 cxb6
59.axb6 Kc8 60.Kb5 Nf6 61.Bxg5 Nfxd5 62.exd5 Nxd5 63.b7+ Kb8 64.Kc4 Nc7 65.Be7 Ne8
66.g5 e4 67.Kd4 d5 68.g6 Kc7 69.Bg5 Ng7 70.Bf4+ Kxc6 71.b8=Q Ne6+ 72.Ke5 Nc5
73.Qd6+ Kb5 74.Qxc5+ Kxc5 75.g7 d4 76.g8=Q e3 77.Qc8+ Kb5 78.Kxd4 e2 79.Qc4+ Kb6
80.Qxe2 Kc6 81.Qe5 Kd7 82.Qd6+ Ke8 83.Ke5 Kf7 84.Qe6+ Kg7 85.g4  1-0

[Event "4th M-Tel Masters"]
[Site "Sofia BUL"]
[Date "2008.05.09"]
[Round "2"]
[White "Topalov,V"]
[Black "Ivanchuk,V"]
[Result "0-1"]
[WhiteElo "2767"]
[BlackElo "2740"]

1.e4 e6 2.d4 d5 3.Nc3 Nf6 4.e5 Nfd7 5.f4 c5 6.Nf3 Nc6 7.Be3 a6 8.a3 cxd4
9.Nxd4 Bc5 10.Be2 O-O 11.Qd2 Qc7 12.Bf3 Nxd4 13.Bxd4 Nb6 14.Ne2 Bxd4 15.Qxd4 Bd7
16.b3 Bb5 17.Nc3 Rfc8 18.Nxb5 axb5 19.Be2 Nd7 20.Ra2 Nb8 21.O-O Nc6 22.Qd2 Qb6+
23.Kh1 Qa5 24.Qxa5 Rxa5 25.Raa1 Rca8 26.Rad1 Rxa3 27.Bxb5 Nb4 28.c4 R8a5
29.f5 exf5 30.g4 Rxb3 31.gxf5 Re3 32.Rb1 Nd3 33.e6 d4 34.Be8 Nc5 35.Bxf7+ Kf8
36.f6 gxf6 37.Rxf6 Ke7 38.Rh6 d3 39.Rxh7 d2 40.Rg1 Re1 41.Bh5+ Kxe6 42.Rg7 Ne4
43.Rg6+ Ke5  0-1

[Event "4th M-Tel Masters"]
[Site "Sofia BUL"]
[Date "2008.05.10"]
[Round "3"]
[White "Ivanchuk,V"]
[Black "Bu Xiangzhi"]
[Result "1-0"]
[WhiteElo "2740"]
[BlackElo "2708"]

1.Nf3 Nf6 2.c4 c6 3.Nc3 d5 4.e3 a6 5.Qc2 b5 6.b3 Bg4 7.Ne5 Bh5 8.cxb5 cxb5
9.Bxb5+ axb5 10.Nxb5 e6 11.Nc7+ Ke7 12.Nxa8 Nfd7 13.Ba3+ Kf6 14.Bb2 Nxe5
15.f4 Nd7 16.Nc7 Bg6 17.Bxe5+ Nxe5 18.fxe5+ Kxe5 19.Qc3+ Kf5 20.O-O+ Kg5
21.a4 Kh6 22.Rf3 Bf5 23.Raf1 Bd6 24.Nb5 Bb8 25.Nd4 Be4 26.Rh3+ Kg6 27.d3 Bf5
28.Rhf3 Be5 29.Qe1 Bxd4 30.Rg3+ Kh6 31.exd4 g6 32.Rgf3 Qh4  1-0

[Event "24th ECC"]
[Site "Kallithea GRE"]
[Date "2008.10.17"]
[Round "1"]
[White "Ivanchuk,V"]
[Black "Van der Werf,M"]
[Result "1-0"]
[WhiteElo "2786"]
[BlackElo "2414"]

1.e4 e5 2.Nf3 Nc6 3.Bb5 a6 4.Ba4 Nf6 5.O-O Be7 6.Re1 b5 7.Bb3 d6 8.c3 O-O
9.d4 Bg4 10.Be3 exd4 11.cxd4 d5 12.e5 Ne4 13.Nc3 Nxc3 14.bxc3 Qd7 15.h3 Bh5
16.g4 Bg6 17.Bg5 Rad8 18.Qe2 Qe6 19.a4 Bxg5 20.axb5 Nxd4 21.Nxd4 Qb6 22.Rxa6 Qc5
23.Rc6 Qe7 24.e6 Rfe8 25.Qe5 fxe6 26.Rxe6  1-0

[Event "Trophee CCAS KO"]
[Site "Cap d'Agde FRA"]
[Date "2008.10.29"]
[Round "1.2"]
[White "Ivanchuk,V"]
[Black "Radjabov,T"]
[Result "1/2-1/2"]
[WhiteElo "2786"]
[BlackElo "2751"]

1.e4 c5 2.Nf3 Nc6 3.Bb5 e6 4.O-O Nge7 5.c3 a6 6.Be2 d5 7.exd5 Nxd5 8.d4 cxd4
9.Nxd4 Bd6 10.Nxc6 bxc6 11.c4 Ne7 12.Nc3 Qc7 13.f4 Bc5+ 14.Kh1 O-O 15.Ne4 Rd8
16.Nxc5 Rxd1 17.Rxd1 Ng6 18.Bg4 e5 19.f5 Ne7 20.Rf1 g6 21.Bg5 Bxf5 22.Bf3 e4
23.Nxe4 Bxe4 24.Bxe4 Qe5 25.Bxe7 Qxe4 26.Bf6 Qxc4 27.a3 h6 28.Rac1 Qb5 29.Rfe1 g5
30.h3 Kh7 31.Rc2 Kg6 32.Rf2 Qc5 33.Rf3 Qd5 34.Bc3 f5 35.Rfe3 Rg8 36.Re6+ Kh5
37.R6e5 Qd7 38.Rxf5 Re8 39.Ref1 Re6 40.Kg1 Qa7+ 41.R1f2 Re2 42.Rf7 Qc5 43.Rf5 Qa7
44.Kf1 Rxf2+ 45.Rxf2 Qe3 46.Rf3 Qc1+ 47.Kf2 Qc2+ 48.Kg3 Qe4 49.Rf6 g4 50.hxg4+ Qxg4+
51.Kh2 Qh4+ 52.Kg1 Qe4 53.Rf3 Kg6 54.Rg3+ Kf5 55.Rh3 Kg6 56.Rf3 h5 57.Kf2 Qh4+
58.Kg1 Qe4 59.Kh1 Qh4+ 60.Rh3 Qg4 61.Rd3 Qh4+ 62.Kg1 Qe4 63.Rd4 Qe3+ 64.Kh2 Qe5+
65.Kh1 Qe6 66.Ra4 Qe2 67.Rf4 Qd1+ 68.Kh2 Qd6 69.g3 Qd5 70.Kg1 Qc5+ 71.Kg2 Qd5+
72.Kf2 Qc5+ 73.Rd4 Qf5+ 74.Ke3 Qe5+ 75.Kf2 Qf5+ 76.Rf4 Qc5+ 77.Kg2 Qd5+ 78.Kh2 Qb5  1/2-1/2

[Event "TCh-ESP CECLUB Final"]
[Site "Motril ESP"]
[Date "2008.11.02"]
[Round "2"]
[White "Shirov,A"]
[Black "Ivanchuk,V"]
[Result "1/2-1/2"]
[WhiteElo "2726"]
[BlackElo "2786"]

1.e4 c5 2.Nf3 e6 3.d4 cxd4 4.Nxd4 a6 5.Bd3 Nf6 6.O-O Qc7 7.Qe2 d6 8.c4 g6
9.Nc3 Bg7 10.Nf3 O-O 11.Bf4 Nh5 12.Bg5 Bxc3 13.bxc3 e5 14.Nh4 Nc6 15.g3 Bh3
16.Rfd1 Ng7 17.f4 Bd7 18.f5 f6 19.Bh6 Ne7 20.g4 Kh8 21.Ng2 Rf7 22.Ne3 Qc5
23.Qf2 Ng8 24.Bxg7+ Rxg7 25.Be2 Rd8 26.a4 Bc6 27.Nd5 a5 28.Qxc5 dxc5 29.Kf2 Rd6
30.Ke3 Rgd7 31.Nb6 Rxd1 32.Bxd1 Rd6 33.Nd5 Nh6 34.h4 Nf7 35.Rb1 g5 36.hxg5 Nxg5
37.Bc2 Nf7 38.Ne7 Nd8 39.Nxc6 Rxc6 40.Rd1 Nf7 41.Rd7 Nd6 42.Kd3 h6 43.Bd1 Kg8
44.g5 hxg5 45.Bh5 Kf8 46.Rh7 Rb6 47.Rc7 Rc6 48.Rh7 Rb6 49.Rc7 Rc6  1/2-1/2

[Event "XXVI SuperGM"]
[Site "Linares ESP"]
[Date "2009.03.05"]
[Round "12"]
[White "Anand,V"]
[Black "Ivanchuk,V"]
[Result "1/2-1/2"]
[WhiteElo "2791"]
[BlackElo "2779"]

1.e4 e5 2.Nf3 Nc6 3.Bb5 Nf6 4.O-O Nxe4 5.d4 Nd6 6.Bxc6 dxc6 7.dxe5 Nf5 8.Qxd8+ Kxd8
9.Nc3 Ke8 10.h3 b6 11.Re1 Bb4 12.Bd2 Be6 13.g4 Ne7 14.Kg2 Rd8 15.a3 Bxc3
16.Bxc3 c5 17.Rad1 Rxd1 18.Rxd1 a5 19.Kg3 h6 20.Nh4 g5 21.Ng2 Ng6 22.f3 a4
23.Rh1 Kd7 24.h4 h5 25.hxg5 hxg4 26.Rxh8 Nxh8 27.f4 Ng6 28.Ne3 Ne7 29.Nxg4 Bf5
30.Ne3 Be4 31.b3 axb3 32.cxb3 Nf5+  1/2-1/2

[Event "16th TCh-RUS Premier"]
[Site "Dagomys RUS"]
[Date "2009.04.05"]
[Round "2"]
[White "Moiseenko,A1"]
[Black "Ivanchuk,V"]
[Result "1/2-1/2"]
[WhiteElo "2690"]
[BlackElo "2746"]

1.d4 Nf6 2.c4 e6 3.Nf3 b6 4.g3 Ba6 5.Qc2 Bb7 6.Bg2 c5 7.d5 exd5 8.cxd5 Nxd5
9.O-O Be7 10.Rd1 Qc8 11.a3 d6 12.Nd4 Nf6 13.Bxb7 Qxb7 14.Nf5 O-O 15.Nc3 Nc6
16.Bg5 Ne8 17.Bxe7 Nxe7 18.Nxd6 Qc6 19.Nf5 Nxf5 20.Qxf5 Nf6 21.Nd5 Nxd5 22.Rxd5 Rad8
23.Rad1 g6 24.Qf3  1/2-1/2

[Event "4th FIDE GP"]
[Site "Nalchik RUS"]
[Date "2009.04.15"]
[Round "1"]
[White "Ivanchuk,V"]
[Black "Bacrot,E"]
[Result "1/2-1/2"]
[WhiteElo "2746"]
[BlackElo "2728"]

1.d4 Nf6 2.Nf3 e6 3.g3 b5 4.Bg5 d5 5.Nbd2 Be7 6.Bxf6 gxf6 7.c3 Nd7 8.e3 b4
9.c4 dxc4 10.Nxc4 c5 11.Bg2 Bb7 12.O-O Rc8 13.dxc5 Rxc5 14.Nd6+ Bxd6 15.Qxd6 Qb6
16.Qd2 Bxf3 17.Bxf3 Ne5 18.Be2 O-O 19.Rfd1 Rfc8 20.Rac1 b3 21.axb3 Qxb3 22.Rxc5 Rxc5
23.Rc1 Rxc1+ 24.Qxc1 Kg7 25.Qd2 a5 26.Qxa5 Qxb2 27.Qe1  1/2-1/2

[Event "4th FIDE GP"]
[Site "Nalchik RUS"]
[Date "2009.04.18"]
[Round "4"]
[White "Eljanov,P"]
[Black "Ivanchuk,V"]
[Result "1/2-1/2"]
[WhiteElo "2693"]
[BlackElo "2746"]

1.d4 Nf6 2.c4 c6 3.Nf3 d5 4.Nc3 dxc4 5.a4 Bf5 6.Nh4 Bc8 7.e3 e5 8.Bxc4 exd4
9.exd4 Be7 10.O-O O-O 11.Re1 Na6 12.Nf3 Nb4 13.Bg5 Bg4 14.Qb3 Bxf3 15.gxf3 a5
16.Rad1 Qc7 17.Re5 Rad8 18.Rde1 Rd7 19.Bh4 Bd8 20.Bg3 Rxd4 21.R5e4 Nxe4 22.Bxc7 Nd2
23.Bxf7+ Kh8 24.Qd1 Bxc7 25.Nb1 Bf4 26.Re8 Rxe8 27.Bxe8 Nd5 28.Bf7 Nf6 29.Nxd2 Bxd2
30.Qe2 Bb4 31.Qe5 Rd6 32.Kg2 b5 33.axb5 cxb5 34.Qxb5 Rd8 35.Qb6 Rf8 36.Qc7 Ne8
37.Qd7 Nf6 38.Qb7 Bd6 39.Qc6 Bb4 40.Qc7 Ne8 41.Qd7 Nf6 42.Qa7 Rd8 43.h4 Rf8
44.h5 h6 45.Kg3 Bd6+ 46.Kh3 Bb4 47.Kg2  1/2-1/2

[Event "4th FIDE GP"]
[Site "Nalchik RUS"]
[Date "2009.04.21"]
[Round "6"]
[White "Aronian,L"]
[Black "Ivanchuk,V"]
[Result "1-0"]
[WhiteElo "2754"]
[BlackElo "2746"]

1.Nf3 c5 2.c4 Nf6 3.d4 cxd4 4.Nxd4 a6 5.Nc3 e6 6.Bg5 Qc7 7.e3 b6 8.Bd3 Bb7
9.O-O Nc6 10.Rc1 Rc8 11.Be2 Be7 12.Nxc6 Bxc6 13.Nd5 exd5 14.Bxf6 Bxf6 15.cxd5 Bxb2
16.Rc2 Be5 17.dxc6 dxc6 18.Bxa6 Rd8 19.Qf3 c5 20.Bb5+ Kf8 21.g3 g6 22.Rd1 Kg7
23.Rcd2 Rxd2 24.Rxd2 Rd8 25.Rxd8 Qxd8 26.Kg2 h5 27.Qe4 Bc3 28.Qb7 Bf6 29.Bc4 Qe7
30.Qd5 h4 31.e4 hxg3 32.hxg3 Bd4 33.f4 f6 34.Kf3 Kh6 35.Qg8 g5 36.e5 fxe5
37.Bd3 e4+ 38.Bxe4 Qg7 39.Qe6+ Qf6 40.Qd7  1-0

[Event "4th FIDE GP"]
[Site "Nalchik RUS"]
[Date "2009.04.28"]
[Round "12"]
[White "Alekseev,Evgeny"]
[Black "Ivanchuk,V"]
[Result "1/2-1/2"]
[WhiteElo "2716"]
[BlackElo "2746"]

1.e4 c5 2.Nf3 d6 3.d4 cxd4 4.Nxd4 Nf6 5.Nc3 Nc6 6.Bg5 e6 7.Qd2 a6 8.O-O-O h6
9.Bf4 Bd7 10.Nxc6 Bxc6 11.Qe1 Be7 12.f3 Qc7 13.Kb1 b5 14.Bd3 b4 15.Ne2 e5
16.Bd2 a5 17.g4 d5 18.Ng3 dxe4 19.Nxe4 Nxe4 20.Bxe4 Bxe4 21.Qxe4 O-O 22.Rhe1 Rac8
23.Bc1 Bf6 24.Rd5 Rfd8 25.Red1 Rxd5 26.Rxd5 Rd8 27.Be3 Bg5 28.Bxg5 Rxd5 29.Qxd5 hxg5
30.a3 bxa3 31.bxa3 Qc3 32.Qd8+ Kh7 33.Qxg5 Qxf3 34.Qh4+ Kg8 35.Qd8+ Kh7 36.Qh4+ Kg8
37.Qd8+  1/2-1/2